[Event "Lloyds Bank Masters 16th"]
[Site "London"]
[Date "1992.08.27"]
[Round "6"]
[White "Parker, Jonathan"]
[Black "Hennigan, Michael T"]
[Result "0-1"]
[WhiteElo "2370"]
[BlackElo "2400"]
[PlyCount "92"]
[EventDate "1992.08.22"]
[EventType "swiss"]
[EventRounds "10"]
[EventCountry "ENG"]
[SourceTitle "BritBase"]
[Source "John Saunders"]
[SourceDate "2023.12.16"]
[SourceVersion "1"]
[SourceVersionDate "2023.12.16"]
[SourceQuality "1"]

1. d4 d6 2. Bg5 g6 3. c4 Bg7 4. Nc3 Nf6 5. e4 O-O 6. h3 c6 7. Bd3 a6 8. a4 a5
9. Nf3 Na6 10. O-O Re8 11. Be2 e5 12. d5 h6 13. Be3 Qe7 14. Nd2 Nd7 15. c5 dxc5
16. Nb3 Nb4 17. d6 Qf6 18. f4 exf4 19. Bxf4 Qe6 20. Bg4 Qc4 21. Be2 Qe6 22. Bg4
f5 23. exf5 gxf5 24. Bh5 Rf8 25. Be2 Kh8 26. Re1 Qg6 27. Bf3 c4 28. Nc1 Nc5 29.
Re7 Nbd3 30. Nxd3 Nxd3 31. Ne2 Be6 32. Rb1 Bd5 33. Bxd5 cxd5 34. Qd2 Bf6 35.
Rxb7 Rg8 36. g3 Rae8 37. Kf1 Nxf4 38. Qxf4 Be5 39. Qf3 Bxd6 40. Qxd5 f4 41. Rd1
Be5 42. gxf4 Bxf4 43. Qf3 Re3 44. Qg4 Qf6 45. Rb6 Bd6+ 46. Qf4 Rf3+ 0-1

[Event "Lloyds Bank Masters 16th"]
[Site "London"]
[Date "1992.08.27"]
[Round "6"]
[White "Ravikumar, Vaidyanathan"]
[Black "Kumaran, Dharshan"]
[Result "1-0"]
[WhiteElo "2380"]
[BlackElo "2380"]
[PlyCount "92"]
[EventDate "1992.08.22"]
[EventType "swiss"]
[EventRounds "10"]
[EventCountry "ENG"]
[SourceTitle "BritBase"]
[Source "John Saunders"]
[SourceDate "2023.12.16"]
[SourceVersion "1"]
[SourceVersionDate "2023.12.16"]
[SourceQuality "1"]

1. e4 c6 2. d4 d5 3. exd5 cxd5 4. Bd3 Nc6 5. c3 g6 6. Bf4 Bg7 7. Nf3 Nh6 8. O-O
Bf5 9. Re1 O-O 10. Na3 Qd7 11. Nc2 a6 12. h3 Bxd3 13. Qxd3 Nf5 14. Ne3 Nxe3 15.
Rxe3 b5 16. Ne5 Nxe5 17. Bxe5 e6 18. Rae1 Qe7 19. a3 Bxe5 20. Rxe5 Qh4 21. R5e3
Rab8 22. Rg3 Rb7 23. Rg4 Qf6 24. h4 a5 25. Re5 b4 26. axb4 axb4 27. h5 bxc3 28.
bxc3 Rb3 29. Qg3 Ra8 30. Kh2 Rb2 31. Rf4 Qg7 32. Qg5 h6 33. Qe7 g5 34. Rf6 Rba2
35. Rexe6 R2a7 36. Qd6 fxe6 37. Rg6 Qxg6 38. hxg6 Re8 39. Qe5 Rae7 40. Qf6 Rc7
41. f3 Ra7 42. Kg3 Rf8 43. Qxe6+ Kg7 44. Qxd5 Kxg6 45. c4 Rf6 46. Qe4+ Kg7 1-0

[Event "Lloyds Bank Masters 16th"]
[Site "London"]
[Date "1992.08.27"]
[Round "6"]
[White "Rogers, Ian"]
[Black "Pritchett, Craig William"]
[Result "1/2-1/2"]
[WhiteElo "2565"]
[BlackElo "2350"]
[PlyCount "84"]
[EventDate "1992.08.22"]
[EventType "swiss"]
[EventRounds "10"]
[EventCountry "ENG"]
[SourceTitle "BritBase"]
[Source "John Saunders"]
[SourceDate "2023.12.16"]
[SourceVersion "1"]
[SourceVersionDate "2023.12.16"]
[SourceQuality "1"]

1. c4 Nf6 2. Nc3 c5 3. g3 d5 4. cxd5 Nxd5 5. Bg2 Nc7 6. Qb3 Nc6 7. Bxc6+ bxc6
8. Qa4 Bd7 9. Nf3 f6 10. d3 e5 11. Qa5 Qb8 12. Bd2 Nb5 13. O-O-O Nd4 14. Nxd4
cxd4 15. Na4 Qb5 16. b3 Be7 17. Kb1 Bd8 18. Qxb5 cxb5 19. Nc5 Bc6 20. f3 Bb6
21. Rc1 Rc8 22. Bb4 Kf7 23. Rc2 a5 24. Bd2 Bxf3 25. exf3 Rxc5 26. Rxc5 Bxc5 27.
Bxa5 Ke6 28. Bd2 Kd5 29. a4 bxa4 30. bxa4 f5 31. Re1 Ra8 32. a5 Bd6 33. Kc2
Rc8+ 34. Kb3 Rb8+ 35. Ka2 Bc7 36. Rb1 Rxb1 37. Kxb1 Kc6 38. a6 Bb8 39. Ba5 Ba7
40. Kc2 Kb5 41. Bc7 Kxa6 42. Bxe5 g6 1/2-1/2

[Event "Lloyds Bank Masters 16th"]
[Site "London"]
[Date "1992.08.27"]
[Round "6"]
[White "Saunders, John C"]
[Black "Griffiths, Paul V"]
[Result "1/2-1/2"]
[WhiteElo "2160"]
[BlackElo "2260"]
[PlyCount "49"]
[EventDate "1992.08.22"]
[EventType "swiss"]
[EventRounds "10"]
[EventCountry "ENG"]
[SourceTitle "John Saunders"]
[Source "BritBase"]
[SourceDate "2021.01.09"]
[SourceVersion "1"]
[SourceVersionDate "2021.01.09"]
[SourceQuality "1"]

1. e4 e5 2. Nf3 Nc6 3. c3 d5 4. Bb5 Qd6 5. Qa4 Bd7 6. exd5 Qxd5 7. O-O O-O-O 8.
d4 Kb8 9. c4 Qd6 10. dxe5 Qg6 11. Rd1 Bh3 12. Rxd8+ Nxd8 13. Ng5 Bxg2 14. Be3
b6 15. Kxg2 h6 16. Ba6 hxg5 17. Qd7 Qc6+ 18. Qxc6 Nxc6 19. Nc3 Nxe5 20. Bxg5
Nf6 21. Rd1 Be7 22. Bf4 Ng6 23. Bg3 Nh4+ 24. Kg1 Nf5 25. Nd5 {(1.51-1.18)}
1/2-1/2

[Event "Lloyds Bank Masters 16th"]
[Site "London"]
[Date "1992.08.27"]
[Round "6"]
[White "Van Wely, Loek"]
[Black "Levitt, Jonathan P"]
[Result "1/2-1/2"]
[WhiteElo "2525"]
[BlackElo "2455"]
[PlyCount "59"]
[EventDate "1992.08.22"]
[EventType "swiss"]
[EventRounds "10"]
[EventCountry "ENG"]
[SourceTitle "BritBase"]
[Source "John Saunders"]
[SourceDate "2023.12.16"]
[SourceVersion "1"]
[SourceVersionDate "2023.12.16"]
[SourceQuality "1"]

1. d4 d5 2. c4 c6 3. Nc3 Nf6 4. Nf3 a6 5. c5 Nbd7 6. Bf4 Nh5 7. e3 b6 8. b4
Nxf4 9. exf4 e6 10. Bd3 Be7 11. h4 a5 12. a3 Ba6 13. Bxa6 Rxa6 14. b5 Ra8 15.
bxc6 Nb8 16. f5 O-O 17. fxe6 Nxc6 18. exf7+ Rxf7 19. cxb6 Bxa3 20. O-O Bb4 21.
Rc1 Bxc3 22. Rxc3 Qxb6 23. Ng5 Rf6 24. Qc2 g6 25. Rc1 Nxd4 26. Qa2 Rd8 27. Rc8
Rff8 28. R8c7 h6 29. Nh3 Qf6 30. Re1 1/2-1/2

[Event "Lloyds Bank Masters 16th"]
[Site "London"]
[Date "1992.08.27"]
[Round "6"]
[White "Watson, William Nicholas"]
[Black "Dunnington, Angus J"]
[Result "1-0"]
[WhiteElo "2555"]
[BlackElo "2355"]
[PlyCount "81"]
[EventDate "1992.08.22"]
[EventType "swiss"]
[EventRounds "10"]
[EventCountry "ENG"]
[SourceTitle "BritBase"]
[Source "John Saunders"]
[SourceDate "2023.12.16"]
[SourceVersion "1"]
[SourceVersionDate "2023.12.16"]
[SourceQuality "1"]

1. e4 d6 2. f4 g6 3. Nc3 c6 4. Nf3 d5 5. d3 dxe4 6. dxe4 Qxd1+ 7. Nxd1 Bg7 8.
Be3 Nd7 9. h3 e5 10. Nc3 Ne7 11. a4 a5 12. Bc4 exf4 13. Bxf4 Nc5 14. Ng5 Be6
15. Bxe6 Nxe6 16. Nxe6 fxe6 17. O-O-O Rf8 18. Be3 Be5 19. Ne2 Ng8 20. Bc5 Rf7
21. Nd4 Bxd4 22. Rxd4 Rd8 23. Rxd8+ Kxd8 24. Bb6+ Ke8 25. Kd2 Nf6 26. Ke3 Nh5
27. g4 Nf4 28. Rh2 g5 29. Bxa5 e5 30. Bc3 Re7 31. h4 h6 32. hxg5 hxg5 33. a5
Kd7 34. b3 c5 35. Rh6 Re6 36. Rh7+ Kc6 37. Rg7 Rh6 38. Bxe5 Rh3+ 39. Kd2 Rh2+
40. Kc3 Rh3+ 41. Kc4 1-0

[Event "Lloyds Bank Masters 16th"]
[Site "London"]
[Date "1992.08.27"]
[Round "6"]
[White "Wood, David A"]
[Black "Wells, Peter K"]
[Result "1/2-1/2"]
[WhiteElo "2275"]
[BlackElo "2455"]
[PlyCount "55"]
[EventDate "1992.08.22"]
[EventType "swiss"]
[EventRounds "10"]
[EventCountry "ENG"]
[SourceTitle "BritBase"]
[Source "John Saunders"]
[SourceDate "2023.12.16"]
[SourceVersion "1"]
[SourceVersionDate "2023.12.16"]
[SourceQuality "1"]

1. e4 e5 2. Nf3 Nc6 3. Bb5 a6 4. Bxc6 dxc6 5. O-O Bd6 6. d4 exd4 7. Qxd4 f6 8.
Be3 Ne7 9. Nbd2 Be6 10. Rad1 Ng6 11. Qc3 Qd7 12. Nc4 Bxc4 13. Qxc4 O-O-O 14. h3
Rhe8 15. Rfe1 Qe6 16. Qxe6+ Rxe6 17. Bd4 Bf4 18. g3 Bh6 19. h4 Rde8 20. h5 Nf8
21. e5 fxe5 22. Rxe5 Nd7 23. Rxe6 Rxe6 24. Kf1 Nf6 25. Bxf6 Rxf6 26. Kg2 Re6
27. Kf1 Rf6 28. Ke2 1/2-1/2

[Event "Lloyds Bank Masters 16th"]
[Site "London"]
[Date "1992.08.27"]
[Round "6"]
[White "Thompson, Tracey"]
[Black "Thurlow, Kevin J"]
[Result "0-1"]
[WhiteElo "1840"]
[BlackElo "2095"]
[PlyCount "62"]
[EventDate "1992.08.22"]
[EventType "swiss"]
[EventRounds "10"]
[EventCountry "ENG"]
[SourceTitle "Thurlow, Kevin"]

1. e4 c5 2. Nf3 e6 3. d4 cxd4 4. Nxd4 Nc6 5. Be3 Nf6 6. Nd2 a6 7. Bd3 Qc7 8.
O-O Be7 9. Kh1 O-O 10. f4 d6 11. Rf3 Nxd4 12. Bxd4 e5 13. Be3 Bg4 14. f5 d5 15.
h3 Bxf3 16. Qxf3 Bc5 17. Bg5 dxe4 18. Nxe4 Nxe4 19. Bxe4 f6 20. Bh4 Rab8 21.
Qg3 Rbd8 22. c4 b5 23. b3 bxc4 24. bxc4 Bd4 25. Rc1 Qc5 26. Qf3 Kh8 27. g4 Be3
28. Rc3 Bf4 29. Bf2 Qa5 30. Ra3 Qd2 31. c5 Qc1+ 0-1

[Event "Lloyds Bank Masters 16th"]
[Site "London"]
[Date "1992.08.27"]
[Round "6"]
[White "Murshed, Niaz"]
[Black "Chandler, Murray G"]
[Result "0-1"]
[WhiteElo "2505"]
[BlackElo "2575"]
[PlyCount "54"]
[EventDate "1992.08.22"]
[EventType "swiss"]
[EventRounds "10"]
[EventCountry "ENG"]
[SourceTitle "ChessBase 2017"]
[Source "ChessBase"]
[SourceDate "1990.06.01"]
[SourceVersion "1"]
[SourceVersionDate "1990.06.01"]
[SourceQuality "1"]

1. d4 Nf6 2. c4 g6 3. Nc3 d5 4. Nf3 Bg7 5. Bg5 Ne4 6. cxd5 Nxg5 7. Nxg5 e6 8.
Qd2 h6 9. Nh3 exd5 10. Nf4 O-O 11. e3 c5 12. dxc5 d4 13. exd4 Qxd4 14. Qxd4
Bxd4 15. Bc4 Bxc3+ 16. bxc3 Re8+ 17. Kd2 Re4 18. Nd5 Rxc4 19. Nc7 Rxc5 20. Nxa8
b6 21. Rhe1 Kf8 22. Re3 Be6 23. c4 Rc8 24. a4 Nd7 25. a5 Rxa8 26. Rc3 Rc8 27.
f4 Bxc4 0-1

[Event "Lloyds Bank Masters 16th"]
[Site "London"]
[Date "1992.08.27"]
[Round "6"]
[White "Freeman, Michael Joseph"]
[Black "McDonald, Neil R"]
[Result "1/2-1/2"]
[WhiteElo "2230"]
[BlackElo "2410"]
[PlyCount "87"]
[EventDate "1992.08.22"]
[EventType "swiss"]
[EventRounds "10"]
[EventCountry "ENG"]
[SourceTitle "chessgamesdotcom"]
[Source "Chessgames.com"]
[SourceDate "2023.12.28"]
[SourceVersion "1"]
[SourceVersionDate "2023.12.28"]
[SourceQuality "1"]

1. d4 Nf6 2. c4 c5 3. d5 b5 4. a4 bxc4 5. Nc3 d6 6. e4 g6 7. Bxc4 Bg7 8. Bb5+
Bd7 9. f4 Bxb5 10. axb5 Nbd7 11. Nf3 O-O 12. O-O Qc7 13. Ra6 Nb6 14. e5 dxe5
15. fxe5 Ng4 16. d6 exd6 17. exd6 Qd7 18. h3 Ne5 19. Bf4 Rfe8 20. Nxe5 Bxe5 21.
Bxe5 Rxe5 22. Qf3 Rae8 23. Qc6 Rd8 24. Ne4 Kg7 25. Rd1 Qf5 26. Rxa7 Qxe4 27.
Qxb6 Rg5 28. Rxf7+ Kxf7 29. Qc7+ Ke8 30. Qc6+ Qxc6 31. bxc6 Ra8 32. Re1+ Kf7
33. Re7+ Kf6 34. c7 Rd5 35. d7 Ra1+ 36. Kh2 Kxe7 37. c8=Q Rxd7 38. Qxc5+ Kf7
39. b4 Raa7 40. b5 Rac7 41. Qe5 Re7 42. Qd5+ Kg7 43. Qd4+ Kg8 44. Qd8+ {
Source: chessgames.com} 1/2-1/2

[Event "Lloyds Bank Masters 16th"]
[Site "London"]
[Date "1992.08.28"]
[Round "7"]
[White "Basart, Josep Maria"]
[Black "Saunders, John C"]
[Result "1-0"]
[WhiteElo "2295"]
[BlackElo "2160"]
[PlyCount "39"]
[EventDate "1992.08.22"]
[EventType "swiss"]
[EventRounds "10"]
[EventCountry "ENG"]
[SourceTitle "John Saunders"]
[Source "BritBase"]
[SourceDate "2021.01.09"]
[SourceVersion "1"]
[SourceVersionDate "2021.01.09"]
[SourceQuality "1"]

1. d4 Nf6 2. c4 d6 3. Nf3 g6 4. Nc3 Bg7 5. e4 O-O 6. h3 c5 7. d5 a6 8. a4 e6 9.
Bd3 exd5 10. exd5 Re8+ 11. Be3 Bh6 12. O-O Rxe3 13. fxe3 Bxe3+ 14. Kh1 Nh5 15.
Qe1 Qe7 16. Nd1 Nf4 17. Bc2 Bxh3 18. gxh3 Qd7 19. Nxe3 Qxh3+ 20. Nh2 {(0.31-1.
11)} 1-0

[Event "Lloyds Bank Masters 16th"]
[Site "London"]
[Date "1992.08.28"]
[Round "7"]
[White "Brown, Simon D"]
[Black "Rogers, Ian"]
[Result "0-1"]
[WhiteElo "2270"]
[BlackElo "2565"]
[PlyCount "74"]
[EventDate "1992.08.22"]
[EventType "swiss"]
[EventRounds "10"]
[EventCountry "ENG"]
[SourceTitle "BritBase"]
[Source "John Saunders"]
[SourceDate "2023.12.16"]
[SourceVersion "1"]
[SourceVersionDate "2023.12.16"]
[SourceQuality "1"]

1. d4 Nf6 2. c4 c5 3. d5 b5 4. cxb5 a6 5. b6 Qxb6 6. Nc3 g6 7. e4 d6 8. Be2 Bg7
9. Nf3 O-O 10. Nd2 Nbd7 11. Nc4 Qc7 12. O-O Nb6 13. Ne3 Bd7 14. a4 a5 15. f4
Rfc8 16. Ra3 c4 17. Kh1 Rab8 18. g4 Be8 19. g5 Nfd7 20. e5 dxe5 21. f5 Qd8 22.
Bg4 Nc5 23. fxg6 hxg6 24. Bxc8 Qxc8 25. Qf3 e6 26. Kg1 e4 27. Nxe4 Nxe4 28.
Qxe4 exd5 29. Qf4 d4 30. Ng4 Nd5 31. Qg3 d3 32. Nh6+ Kh7 33. Qd6 Qb7 34. Rf3
Bd4+ 35. Kg2 Ne3+ 36. Bxe3 Bxe3 37. Qf8 Bc6 0-1

[Event "Lloyds Bank Masters 16th"]
[Site "London"]
[Date "1992.08.28"]
[Round "7"]
[White "Coleman, David J"]
[Black "Morris, Philip J"]
[Result "1-0"]
[WhiteElo "2235"]
[BlackElo "2370"]
[PlyCount "81"]
[EventDate "1992.08.22"]
[EventType "swiss"]
[EventRounds "10"]
[EventCountry "ENG"]
[SourceTitle "BritBase"]
[Source "John Saunders"]
[SourceDate "2023.12.16"]
[SourceVersion "1"]
[SourceVersionDate "2023.12.16"]
[SourceQuality "1"]

1. e4 c5 2. Nf3 e6 3. d4 cxd4 4. Nxd4 a6 5. Bd3 Nf6 6. O-O Qc7 7. Qe2 d6 8. f4
g6 9. f5 Bg7 10. c3 e5 11. Nc2 b5 12. Bg5 Nbd7 13. Nd2 Bb7 14. Nb4 O-O 15. Rae1
Rab8 16. Kh1 a5 17. Nc2 Bc6 18. Ne3 Qb7 19. Ng4 Nxg4 20. Qxg4 Rfe8 21. f6 Bh8
22. Re3 Nf8 23. Qh4 Bd7 24. Bh6 Qb6 25. Ref3 Re6 26. g4 Qd8 27. R1f2 Bc8 28.
Nf1 d5 29. Ng3 dxe4 30. Bxe4 Bb7 31. Bxb7 Rxb7 32. Bxf8 Qxf8 33. Nf5 Qd8 34.
Rh3 h5 35. Ne7+ Kf8 36. gxh5 Qd1+ 37. Kg2 Bxf6 38. Nxg6+ Kg7 39. h6+ Kxg6 40.
Qe4+ Kg5 41. Qf5# 1-0

[Event "Lloyds Bank Masters 16th"]
[Site "London"]
[Date "1992.08.28"]
[Round "7"]
[White "Corkett, Anthony R"]
[Black "Mikhalevski, Victor"]
[Result "0-1"]
[WhiteElo "2340"]
[BlackElo "2320"]
[PlyCount "112"]
[EventDate "1992.08.22"]
[EventType "swiss"]
[EventRounds "10"]
[EventCountry "ENG"]
[SourceTitle "BritBase"]
[Source "John Saunders"]
[SourceDate "2023.12.16"]
[SourceVersion "1"]
[SourceVersionDate "2023.12.16"]
[SourceQuality "1"]

1. d4 Nf6 2. Nf3 d5 3. e3 g6 4. Bd3 Bg7 5. Nbd2 O-O 6. O-O c5 7. b3 cxd4 8.
exd4 Nc6 9. c3 Qc7 10. Re1 Bg4 11. h3 Bf5 12. Bxf5 gxf5 13. Nh4 e6 14. Qf3 Ne4
15. Nxe4 fxe4 16. Qh5 f5 17. g3 b5 18. Bf4 Qf7 19. Qxf7+ Rxf7 20. a3 a5 21.
Red1 Rc8 22. Be3 Nb8 23. a4 bxa4 24. Rxa4 Rxc3 25. Rxa5 Nc6 26. Ra6 Rb7 27. Ng2
Kf7 28. Bd2 Nb4 29. Bxc3 Nxa6 30. Rb1 Rc7 31. Ba1 Nb4 32. Ne3 Bf8 33. Kg2 Nd3
34. Kf1 Ra7 35. Bc3 Ra2 36. Nd1 Bb4 37. Bxb4 Nxb4 38. Nc3 Rc2 39. Ne2 Ra2 40.
Rc1 Kf6 41. Rb1 Rd2 42. h4 e5 43. Ke1 Ra2 44. dxe5+ Kxe5 45. Nf4 d4 46. Rc1
Nc2+ 47. Kd2 Na1+ 48. Ke1 Nxb3 49. Rb1 Ra3 50. Kd1 d3 51. Ng2 Nd4 52. Ne3 Ra2
53. Nc4+ Kd5 54. Nd2 Ne2 55. Ke1 Nc3 56. Rc1 Kd4 0-1

[Event "Lloyds Bank Masters 16th"]
[Site "London"]
[Date "1992.08.28"]
[Round "7"]
[White "Crouch, Colin S"]
[Black "Harley, Andrew D"]
[Result "1/2-1/2"]
[WhiteElo "2425"]
[BlackElo "2280"]
[PlyCount "52"]
[EventDate "1992.08.22"]
[EventType "swiss"]
[EventRounds "10"]
[EventCountry "ENG"]
[SourceTitle "BritBase"]
[Source "John Saunders"]
[SourceDate "2023.12.16"]
[SourceVersion "1"]
[SourceVersionDate "2023.12.16"]
[SourceQuality "1"]

1. d4 e6 2. e4 d5 3. Nc3 Bb4 4. exd5 exd5 5. Bd3 Ne7 6. Qh5 Nd7 7. Bg5 Nf8 8.
O-O-O Ne6 9. Be3 c5 10. dxc5 Bxc3 11. bxc3 Qa5 12. Bd4 Nxd4 13. cxd4 Be6 14.
Nf3 O-O-O 15. Rhe1 Nc6 16. Bf5 Nb4 17. Qxf7 Bxf5 18. Qxf5+ Kb8 19. Qf4+ Ka8 20.
Qe3 b6 21. a3 Nc6 22. cxb6 Qxb6 23. Ne5 Na5 24. Rd3 Rhe8 25. Qd2 Rb8 26. Qb4
Qh6+ 1/2-1/2

[Event "Lloyds Bank Masters 16th"]
[Site "London"]
[Date "1992.08.28"]
[Round "7"]
[White "Dunnington, Angus J"]
[Black "Gavriel, Tryfon"]
[Result "1-0"]
[WhiteElo "2355"]
[BlackElo "2250"]
[PlyCount "42"]
[EventDate "1992.08.22"]
[EventType "swiss"]
[EventRounds "10"]
[EventCountry "ENG"]
[SourceTitle "BritBase"]
[Source "John Saunders"]
[SourceDate "2023.12.16"]
[SourceVersion "1"]
[SourceVersionDate "2023.12.16"]
[SourceQuality "1"]

1. Nf3 Nf6 2. d4 g6 3. Nc3 Bg7 4. e4 d6 5. Be3 c6 6. Qd2 b5 7. Bd3 a6 8. Bh6
O-O 9. e5 Nd5 10. Ne2 Nb4 11. Be4 d5 12. Bxg7 dxe4 13. Bxf8 Nxc2+ 14. Qxc2 exf3
15. Bh6 fxe2 16. Qxe2 Be6 17. Qd2 Ra7 18. Qc3 Rd7 19. Be3 c5 20. Qxc5 Bc4 21.
b3 Nc6 1-0

[Event "Lloyds Bank Masters 16th"]
[Site "London"]
[Date "1992.08.28"]
[Round "7"]
[White "Frias Pablaza, Victor J"]
[Black "Watson, William Nicholas"]
[Result "1/2-1/2"]
[WhiteElo "2460"]
[BlackElo "2555"]
[PlyCount "144"]
[EventDate "1992.08.22"]
[EventType "swiss"]
[EventRounds "10"]
[EventCountry "ENG"]
[SourceTitle "BritBase"]
[Source "John Saunders"]
[SourceDate "2023.12.16"]
[SourceVersion "1"]
[SourceVersionDate "2023.12.16"]
[SourceQuality "1"]

1. c4 g6 2. g3 Bg7 3. Bg2 e5 4. Nc3 d6 5. d3 f5 6. e4 Nc6 7. Nge2 Nf6 8. O-O
O-O 9. exf5 Bxf5 10. h3 Qd7 11. Kh2 h6 12. Be3 g5 13. Qd2 Kh8 14. Nd5 Qf7 15.
Nec3 Rac8 16. Rae1 Qh5 17. Qd1 Qg6 18. Nxf6 Rxf6 19. Ne4 Rff8 20. Bf3 Rcd8 21.
Qe2 Ne7 22. Rd1 b6 23. b4 c6 24. c5 bxc5 25. bxc5 d5 26. Nd6 Be6 27. Bc1 Nf5
28. Bb2 Nxd6 29. cxd6 Qf6 30. Bg2 d4 31. Bxc6 Rxd6 32. Be4 Ra6 33. Ra1 Rb8 34.
a4 Rab6 35. Ba3 Rb3 36. Kg2 Bd7 37. a5 Bf8 38. Bxf8 Qxf8 39. Bd5 R3b5 40. Qxe5+
Qg7 41. Qxg7+ Kxg7 42. Be4 Bf5 43. Rfe1 Rf8 44. Reb1 Re5 45. Rb7+ Rf7 46. Rxf7+
Kxf7 47. Bxf5 Rxf5 48. a6 Rf6 49. Ra4 Kg6 50. Ra5 Kf7 51. Ra4 Kg6 52. g4 h5 53.
f3 h4 54. Rxd4 Rxa6 55. f4 gxf4 56. Kf3 Ra1 57. Rd6+ Kg5 58. Rd5+ Kf6 59. Kxf4
Rf1+ 60. Ke4 Re1+ 61. Kf4 Rf1+ 62. Ke4 Re1+ 63. Kd4 Rh1 64. Rf5+ Ke6 65. Rf3
Rg1 66. Ke4 Rg3 67. d4 a5 68. d5+ Ke7 69. Rf2 a4 70. Rh2 a3 71. Kf4 Rd3 72. Kg5
Rxd5+ 1/2-1/2

[Event "Lloyds Bank Masters 16th"]
[Site "London"]
[Date "1992.08.28"]
[Round "7"]
[White "Hennigan, Michael T"]
[Black "Merriman, John"]
[Result "1-0"]
[WhiteElo "2400"]
[BlackElo "2235"]
[PlyCount "49"]
[EventDate "1992.08.22"]
[EventType "swiss"]
[EventRounds "10"]
[EventCountry "ENG"]
[SourceTitle "BritBase"]
[Source "John Saunders"]
[SourceDate "2023.12.16"]
[SourceVersion "1"]
[SourceVersionDate "2023.12.16"]
[SourceQuality "1"]

1. e4 e6 2. d4 d5 3. Nd2 Nf6 4. e5 Nfd7 5. f4 c5 6. c3 Nc6 7. Ndf3 Qb6 8. g3
cxd4 9. cxd4 f6 10. Bh3 fxe5 11. fxe5 Bb4+ 12. Kf1 O-O 13. Kg2 Ndxe5 14. dxe5
Nxe5 15. Qe2 Nxf3 16. Nxf3 e5 17. Bxc8 Raxc8 18. Nxe5 Rce8 19. Bf4 Bd6 20. Rhf1
g5 21. Bxg5 Rxf1 22. Rxf1 Rxe5 23. Qg4 Re4 24. Qc8+ Kg7 25. Bf6+ 1-0

[Event "Lloyds Bank Masters 16th"]
[Site "London"]
[Date "1992.08.28"]
[Round "7"]
[White "Hodgson, Julian M"]
[Black "Zilberman, Yaacov"]
[Result "1/2-1/2"]
[WhiteElo "2535"]
[BlackElo "2490"]
[PlyCount "62"]
[EventDate "1992.08.22"]
[EventType "swiss"]
[EventRounds "10"]
[EventCountry "ENG"]
[SourceTitle "BritBase"]
[Source "John Saunders"]
[SourceDate "2023.12.16"]
[SourceVersion "1"]
[SourceVersionDate "2023.12.16"]
[SourceQuality "1"]

1. d4 d5 2. c4 dxc4 3. e3 Nf6 4. Bxc4 e6 5. Nf3 c5 6. Nc3 a6 7. a4 Nc6 8. O-O
cxd4 9. exd4 Be7 10. Re1 O-O 11. Bg5 Bd7 12. Qe2 Nd5 13. h4 Nxc3 14. bxc3 h6
15. Bxe7 Nxe7 16. Bd3 Nd5 17. Qe4 f5 18. Qe5 Nxc3 19. Bc4 Rf6 20. Rac1 Nxa4 21.
Bb3 Nb6 22. Rc7 Kh8 23. Qd6 Bc6 24. Qxd8+ Rxd8 25. Ne5 Rxd4 26. Nxc6 bxc6 27.
Rxe6 Rxe6 28. Bxe6 Rd6 29. Bxf5 g6 30. Be4 Nd5 31. Ra7 c5 1/2-1/2

[Event "Lloyds Bank Masters 16th"]
[Site "London"]
[Date "1992.08.28"]
[Round "7"]
[White "James, David J"]
[Black "Ravikumar, Vaidyanathan"]
[Result "0-1"]
[WhiteElo "2300"]
[BlackElo "2380"]
[PlyCount "98"]
[EventDate "1992.08.22"]
[EventType "swiss"]
[EventRounds "10"]
[EventCountry "ENG"]
[SourceTitle "BritBase"]
[Source "John Saunders"]
[SourceDate "2023.12.16"]
[SourceVersion "1"]
[SourceVersionDate "2023.12.16"]
[SourceQuality "1"]

1. e4 c5 2. Nf3 Nc6 3. Bb5 g6 4. O-O Bg7 5. c3 Qb6 6. Na3 a6 7. Bxc6 Qxc6 8.
Re1 d5 9. e5 Bg4 10. d4 cxd4 11. cxd4 e6 12. Bg5 h6 13. Bd2 Ne7 14. Bb4 Qd7 15.
h3 Bxf3 16. Qxf3 Rc8 17. Rac1 O-O 18. Qb3 Rfe8 19. Bxe7 Qxe7 20. Rc3 Rc7 21.
Rec1 Rec8 22. Rxc7 Rxc7 23. Rxc7 Qxc7 24. Qc3 Qb6 25. Kh2 Bf8 26. Nc2 h5 27.
Ne1 Bb4 28. Qc8+ Bf8 29. Qc3 Bb4 30. Qc8+ Bf8 31. Qc3 Kg7 32. Nf3 Qc6 33. Qd2
Be7 34. a3 b6 35. h4 a5 36. Ng5 a4 37. Qf4 Qe8 38. Kg3 Kg8 39. f3 b5 40. Qd2
Qd7 41. Qf4 Bd8 42. Kh3 f6 43. Qd2 fxg5 44. hxg5 Qf7 45. f4 Qf5+ 46. Kh2 Qe4
47. g3 Kf7 48. Qb4 Qe2+ 49. Kh3 Qg4+ 0-1

[Event "Lloyds Bank Masters 16th"]
[Site "London"]
[Date "1992.08.28"]
[Round "7"]
[White "Ledger, Andrew J"]
[Black "Arkell, Keith C"]
[Result "0-1"]
[WhiteElo "2335"]
[BlackElo "2460"]
[PlyCount "82"]
[EventDate "1992.08.22"]
[EventType "swiss"]
[EventRounds "10"]
[EventCountry "ENG"]
[SourceTitle "BritBase"]
[Source "John Saunders"]
[SourceDate "2023.12.16"]
[SourceVersion "1"]
[SourceVersionDate "2023.12.16"]
[SourceQuality "1"]

1. Nf3 Nf6 2. g3 b5 3. Bg2 Bb7 4. O-O e6 5. d3 d5 6. Nbd2 Nbd7 7. e4 dxe4 8.
Ng5 Be7 9. Ngxe4 Qc8 10. Qe2 O-O 11. a4 a6 12. Nb3 Bd5 13. Be3 Nxe4 14. Bxe4
Nf6 15. Bxd5 Nxd5 16. Bc5 Qd7 17. c4 bxa4 18. Bxe7 Nxe7 19. Nc5 Qd6 20. Ne4 Qd7
21. Nc5 Qc6 22. Nxa4 Nf5 23. Nc3 Rfd8 24. Qe4 Qd6 25. Ra2 Qxd3 26. Qxd3 Rxd3
27. Rfa1 Rd6 28. b4 Rc6 29. c5 e5 30. f4 exf4 31. gxf4 h6 32. Kf2 Rb8 33. Nd5
Rd8 34. Rd1 Kf8 35. Re2 g6 36. Ne7 Rxd1 37. Nxc6 Nd4 38. Nxd4 Rxd4 39. Ra2
Rxf4+ 40. Kg3 Rxb4 41. Rxa6 Re4 0-1

[Event "Lloyds Bank Masters 16th"]
[Site "London"]
[Date "1992.08.28"]
[Round "7"]
[White "Levitt, Jonathan P"]
[Black "Mortazavi, Ali"]
[Result "1-0"]
[WhiteElo "2455"]
[BlackElo "2320"]
[PlyCount "51"]
[EventDate "1992.08.22"]
[EventType "swiss"]
[EventRounds "10"]
[EventCountry "ENG"]
[SourceTitle "BritBase"]
[Source "John Saunders"]
[SourceDate "2023.12.16"]
[SourceVersion "1"]
[SourceVersionDate "2023.12.16"]
[SourceQuality "1"]

1. d4 d6 2. c4 e5 3. Nc3 Nd7 4. e4 g6 5. Nf3 Bg7 6. Be2 Ngf6 7. O-O O-O 8. Re1
c6 9. h3 exd4 10. Nxd4 Re8 11. Bf1 Nc5 12. Qc2 d5 13. cxd5 cxd5 14. e5 Nfe4 15.
Nxe4 Nxe4 16. Bf4 g5 17. Bh2 f6 18. e6 Bxe6 19. Rxe4 dxe4 20. Nxe6 Rxe6 21. Bc4
Qb6 22. Qxe4 Rae8 23. Re1 Kf7 24. g4 Qc6 25. Qxc6 bxc6 26. Bd6 1-0